000 00591nam a2200229Ia 4500
003 OSt
005 20220928101548.0
006 a|||||r|||| 00| 0
007 ta
008 220927b |||||||| |||| 00| 0 hin d
024 _a63897
037 _cTextual
040 _aSDCL
_cSDCL
_bhin
041 _2hin
_ahin
082 _aO152,1M5:g, K9
100 _aNagendra
_9391673
245 0 _aRiti kaviya ki bhumika
260 _aDelhi
_bNational Publishing House
_c1969
300 _a189
_ccm.
942 _hO152,1M5:g, K9
_cTEXL
_2CC
999 _c707523
_d707523